La lengua española en sus texos : [Curso de Orientación Universitaria]

Saved in:
Bibliographic Details
Main Author: Marcos Marín, Francisco
Format: Book
Language:Spanish
Published: Madrid : Noguer, 1978
Textbook Catalogue:MANES:  Library Catalog Search Result
Textbook Classification:
Series:Noguer didáctica
Tags: Add Tag
No Tags, Be the first to tag this record!
Added to:1999-11-29
Changed in:2025-05-07

MARC

LEADER 00000cam a2200000#i 4500
005 20250507134557.0
008 000000s1978 esp fp 000 0 spa d
020 |a 8427918011 
040 |a uned  |b spa  |c entro-manes 
100 1 |a Marcos Marín, Francisco  |9 31256 
245 0 3 |a La lengua española en sus texos :   |b [Curso de Orientación Universitaria] /   |c Francisco Marcos Marín 
260 |a Madrid :   |b Noguer,   |c 1978 
300 |a 280 p. 
490 0 |a Noguer didáctica 
546 |a España 
561 |5 es-BUNED  |3 L.T.M. 0499  |a España. Fondo Manes UNED  |k MANES 
690 0 |a LEN 
691 0 |a SE 
942 |2 ddc  |c BK 
999 |c 97713  |d 97713 
999 |c manes:97713  |d 97713